000 00725cam a2200253 4500500
005 20260329004049.0
041 _afre
042 _adc
100 1 0 _aNicolas, Ariane
_eauthor
245 0 0 _aIsabelle Autissier, Jérôme Lèbre. Au fil de l’eau
260 _c2018.
500 _a50
690 _aCourse
690 _aImmobilité
690 _aIsabelle Autissier
690 _aJérôme Lèbre
690 _aLenteur
690 _aMer
690 _aNavigation
690 _aOcéan
690 _aVendée Globe
786 0 _nPhilosophie magazine | 120 | 6 | 2018-06-01 | p. 31-32 | 1951-1787
856 4 1 _uhttps://shs.cairn.info/magazine-philosophie-magazine-2018-6-page-31?lang=fr&redirect-ssocas=7080
999 _c1830283
_d1830283